00477 a2200157 450000500170000001000130001702000260003003500130005603700180006908200080008724500450009526000450014027000900018530000250027570000190030020210809154801.0 aB-741203 c300.00a9789389649581 aB-741203 bD.B.Act / pub a050 aManorama Yearbook 2021/cMathew, Mammen  aKottayam bMalyala Manorama Press c2021 aMalayala Manorama Press bKottayam e686001k2563646l91-4812562479myeabook@mm.co.in a1039 p.c22 cm (pbk) aPhilip Mathew